Visual perception: a clinical orientation
Сохранить в:
| Главный автор: | |
|---|---|
| Формат: | |
| Язык: | английский |
| Опубликовано: |
Nueva York
McGraw-Hill
2004
|
| Редактирование: | 3a. ed |
| Серии: | Optometry
|
| Предметы: | |
| Метки: |
Добавить метку
Нет меток, Требуется 1-ая метка записи!
|
MARC
| LEADER | 00000nam a2200000 a 4500 | ||
|---|---|---|---|
| 001 | UCH0591 | ||
| 003 | CL-VaPUC | ||
| 008 | 090320e20040000US |||||||||||||||||eng|d | ||
| 020 | |a 0071411879 | ||
| 082 | 0 | 4 | |a 612.84 |b SCH |2 21 |
| 100 | 0 | |a Schwartz, Steven H |e author |9 534822 | |
| 245 | 1 | 0 | |a Visual perception: a clinical orientation |
| 250 | |a 3a. ed | ||
| 300 | |a 471 p | ||
| 942 | |c BK | ||
| 945 | |d 20090320 00:00:00 |a rbrito | ||
| 260 | |a Nueva York |b McGraw-Hill |c 2004 | ||
| 650 | 0 | |a Percepción visual |9 267039 | |
| 650 | 0 | |a Visión |9 269056 | |
| 650 | 7 | |a OPTALMOLOGIA |2 CL-VaPUC |9 522050 | |
| 650 | 0 | |a Enfermedades de la vista |9 534823 | |
| 583 | |a last modification |c 20140401 10:51:19 |k Rodrigo Vera | ||
| 490 | 0 | |a Optometry | |
| 999 | |c 332874 |d 332872 | ||
| 952 | |0 0 |1 0 |4 0 |6 612_840000000000000_SCH_2004 |7 0 |8 A |9 420917 |a BIBCUR |b BIBCUR |d 2019-11-22 |i 4520882 |l 3 |o 612.84 SCH 2004 |p 4520882 |r 2025-04-22 |s 2022-12-13 |w 2019-11-22 |y BK |k TEM | ||